[Event "TCh-FRA"]
[Site "Mulhouse FRA"]
[Date "2001.02.02"]
[Round "?"]
[White "Gofshtein,L"]
[Black "Bauer,Ch"]
[Result "1/2-1/2"]
[WhiteElo "2531"]
[BlackElo "2618"]

1.e4 e6 2.d4 d5 3.Nc3 Bb4 4.e5 Ne7 5.Qg4 c5 6.Nf3 Nbc6 7.a3 Bxc3+ 8.bxc3 Ng6
9.h4 h5 10.Qg3 Qa5 11.Bd2 c4 12.Ng5 Nce7 13.Qf3 Nf5 14.g3 f6 15.exf6 gxf6
16.Nh3 e5 17.Qd1 e4 18.Be2 e3 19.Bxh5 exd2+ 20.Kxd2 Ne7 21.Nf4 Bf5 22.Re1 Kf8
23.Bxg6 Nxg6 24.Qf3 Kf7 25.Reb1 Rab8 26.a4 Be4 27.Qg4  1/2-1/2

[Event "ch-Pol u20"]
[Site "Brzeg Dolny POL"]
[Date "2001.02.09"]
[Round "3"]
[White "Owczarzak,J"]
[Black "Radziewicz,I"]
[Result "1/2-1/2"]
[WhiteElo "2311"]
[BlackElo "2350"]

1.e4 e6 2.d4 d5 3.Nc3 Bb4 4.e5 Ne7 5.a3 Bxc3+ 6.bxc3 b6 7.Nf3 h6 8.a4 Ba6
9.Bxa6 Nxa6 10.Qd3 Nb8 11.Ba3 Nbc6 12.O-O Na5 13.Nd2 O-O 14.f4 f5 15.Nb3 Nc4
16.Bxe7 Qxe7 17.Nd2 Nxd2 18.Qxd2 c5 19.Rfb1 Rab8 20.Rb5 a6 21.Rb2 Rfc8 22.Rab1 Qa7
23.c4 Qd7 24.Rxb6 Rxb6 25.Rxb6 dxc4  1/2-1/2

[Event "12th Goodricke Open"]
[Site "Calcutta IND"]
[Date "2001.02.13"]
[Round "8"]
[White "Dworakowska,J"]
[Black "Neelotpal,D"]
[Result "1-0"]
[WhiteElo "2354"]
[BlackElo "2423"]

1.e4 e6 2.d4 d5 3.Nc3 Bb4 4.e5 Ne7 5.a3 Bxc3+ 6.bxc3 c5 7.Qg4 Qc7 8.Qxg7 Rg8
9.Qxh7 cxd4 10.Ne2 Nbc6 11.f4 Bd7 12.Qd3 dxc3 13.Rb1 Nf5 14.h3 d4 15.g4 Nh4
16.Qh7 Nf3+ 17.Kf2 O-O-O 18.Kxf3 d3 19.cxd3 Nxe5+ 20.fxe5 Bc6+ 21.Kf2 Bxh1
22.d4 Qc6 23.Rb3 Kb8 24.Rxc3 Qd5 25.Ke1 Rc8 26.Qxf7 Qe4 27.Qxe6 Rgf8 28.Rxc8+ Rxc8
29.Qh6 Bf3 30.Qf4 Qd5 31.Bd2 a6 32.Qe3 Qc6 33.e6 Ka8 34.Qe5 Re8 35.d5 Qc5
36.Qe3  1-0

[Event "ENG-GER match women"]
[Site "Battle Abbey ENG"]
[Date "2001.02.22"]
[Round "8"]
[White "Richards,H"]
[Black "Umpfenbach,C"]
[Result "1-0"]
[WhiteElo "2133"]
[BlackElo "2044"]

1.e4 e6 2.d4 d5 3.Nc3 Bb4 4.e5 Ne7 5.f4 c5 6.Bd2 Bd7 7.Nf3 Nf5 8.dxc5 Bxc5
9.Bd3 Nd4 10.Nxd4 Bxd4 11.Qg4 g6 12.f5 Bxc3 13.Bxc3 exf5 14.Qf4 O-O 15.Qh6 Be6
16.O-O Nc6 17.Rf3 f6 18.exf6 Rf7 19.Re1 Qd7 20.Rfe3 Re8 21.R3e2 d4 22.Bd2 Rxf6
23.Bg5 Rff8 24.Rxe6 Rxe6 25.Bc4 Re8 26.Bf6 Nd8 27.Bxd8 d3 28.Bf6 d2 29.Rxe6 d1=R+
30.Re1+  1-0

[Event "FSIMA March"]
[Site "Budapest HUN"]
[Date "2001.03.10"]
[Round "7"]
[White "Sendur,A"]
[Black "Jamrich,G"]
[Result "1-0"]
[WhiteElo "2303"]
[BlackElo "2283"]

1.e4 e6 2.d4 d5 3.Nc3 Bb4 4.e5 b6 5.Qg4 Bf8 6.Bb5+ c6 7.Bd3 Ba6 8.Bxa6 Nxa6
9.Bg5 Qd7 10.Nf3 h6 11.Bd2 Ne7 12.O-O-O Nf5 13.Ne2 Be7 14.Qh3 Qd8 15.g4 Nh4
16.Nxh4 Bxh4 17.f4 Be7 18.f5 Nc7 19.Nf4 Qd7 20.Nh5 Bf8 21.Rhf1 O-O-O 22.Qd3 Re8
23.Rf3 exf5 24.gxf5 Rg8 25.Rg1 Qd8 26.Rg4 c5 27.c3 Kb7 28.Kb1 a5 29.Rfg3 Rh8
30.a3 cxd4 31.cxd4 Qd7 32.Nxg7 Rc8 33.Nh5 Be7 34.Rg7 Qe8 35.Rg1 Bf8 36.Nf6 Qe7
37.R7g3 Qd8 38.Qb3 Ka6 39.Rc3 Be7 40.Rc6 Rb8 41.Rgc1 Rb7 42.Qc3  1-0

[Event "58th ch-POL"]
[Site "Warsaw POL"]
[Date "2001.03.22"]
[Round "5"]
[White "Gdanski,J"]
[Black "Socko,B"]
[Result "1/2-1/2"]
[WhiteElo "2543"]
[BlackElo "2557"]

1.e4 e6 2.d4 d5 3.Nc3 Bb4 4.e5 Ne7 5.a3 Bxc3+ 6.bxc3 c5 7.Qg4 Kf8 8.Bd2 Qc7
9.Bd3 b6 10.Nh3 Ba6 11.O-O Bxd3 12.cxd3 Nbc6 13.dxc5 bxc5 14.Rfe1 Ng6 15.d4 c4
16.Ng5 Qd7 17.Re3 Kg8 18.Rf3 Rf8 19.Rb1 Nce7 20.h4 h6 21.h5 hxg5 22.Qxg5 Qc7
23.Rh3 Rb8 24.Rxb8+ Qxb8 25.hxg6 Nxg6 26.Rxh8+ Kxh8 27.Bc1 Qb3 28.Qd2 Kg8
29.f3 Qb1 30.Kf2 Ne7 31.g4 Nc6 32.Kg3 a6 33.Kf2 Na5 34.Qg5 Qc2+ 35.Qd2 Qh7
36.Kg3 Qh1 37.Qg5 Qe1+ 38.Kg2 Qe2+ 39.Kg3 Nc6 40.Qd2 Qf1 41.Qb2 Qg1+ 42.Kh3 Qd1
43.Kg3 Qb3 44.Qd2 Kf8 45.Kg2 Na5 46.Kg3 Qb1 47.Qg5 Nc6 48.Qd2 Ke8 49.Qg5 Qh7
50.a4 Qh1 51.Ba3 Qe1+ 52.Kg2 Qxc3 53.Bc5 Qc2+ 54.Kg3 Qh7 55.Qc1 f5 56.exf6 gxf6
57.Qf4 c3 58.Qxf6 Nd8 59.Qf8+ Kd7 60.Qd6+ Ke8 61.Qf8+ Kd7 62.Qd6+ Ke8  1/2-1/2

[Event "It"]
[Site "Antalya TUR"]
[Date "2001.04.02"]
[Round "1"]
[White "Atakisi,U"]
[Black "Haznedaroglu,K"]
[Result "1/2-1/2"]
[WhiteElo "2337"]
[BlackElo "2357"]

1.e4 e6 2.d4 d5 3.Nc3 Bb4 4.e5 b6 5.Qg4 g6 6.a3 Bxc3+ 7.bxc3 Qd7 8.a4 Ba6
9.Bxa6 Nxa6 10.h4 h5 11.Qe2 Nb8 12.a5 b5 13.Nf3 Na6 14.O-O c6 15.Ne1 O-O-O
16.Nd3 Kb7 17.Bg5 Ne7 18.Rfb1 Ka8 19.Nb4 Nxb4 20.cxb4 Rc8 21.Ra3 Nf5 22.Qd2 a6
23.Rc3 Kb7 24.Rf3 Ka8 25.Rf4 Qa7 26.g3 Kb8 27.Kg2 Ka8 28.Rf1 Kb8 29.Qc3 Ka8
30.Qd2 Kb8 31.Rb1 Ka8 32.Rb3 Kb8 33.Rc3 Qd7 34.Rc5 Kb7 35.Kf1 Kb8 36.Ke1 Kb7
37.Kd1 Kb8 38.Kc1 Kb7 39.Kb2 Kb8 40.Kb3 Kb7 41.Qe1 Kb8 42.Bf6 Rh7 43.Qd2 Kb7
44.Qd3 Kb8 45.Ka3 Kb7 46.Qf3 Kb8 47.Rc3 Ka8 48.Rd3 Kb8 49.Rd1 Ka8 50.Rh1 Kb8
51.Qc3 Qa7 52.Qd3 Qd7 53.Qf3 Ka8 54.Kb3 Kb8 55.Qd3 Ka8 56.Ka3 Kb8 57.Rh3 Qa7
58.Kb2 Ka8 59.Ka2 Kb8 60.Kb3 Ka8 61.Ka3 Kb8 62.Ka2 Ka8 63.Ka3 Kb8 64.f3 Ka8
65.g4 Ne7 66.Bg5 Ng8 67.Rh1 Qc7 68.Re1 Kb8 69.Qc3 Qa7 70.Qd3 Ka8 71.Re2 Kb8
72.Rg2 Qc7 73.Qc3 Qa7 74.Qe3 Ka8 75.Rg1 Kb8 76.Rd1 Ka8 77.Ka2 Kb8 78.Ka3 Ka8
79.Rd3 Kb8 80.Rc3 Qd7 81.Qf2 Kb7 82.Qe2 Kb8 83.Qd3 Kb7 84.Rb3 Kb8 85.Rb1 Qc7
86.Re1 Qa7 87.Rf1 Qc7 88.Qe3 Qa7 89.Kb3 Ka8 90.Ka3 Kb8 91.Qd3 Qc7 92.Qe3 Qa7
93.Bf6 Ka8 94.Bg5 Kb8 95.Qd3  1/2-1/2

[Event "Zone 3.1a"]
[Site "Tehran IRI"]
[Date "2001.04.07"]
[Round "4"]
[White "Al Sayed,Mohammed"]
[Black "Ali,A IRQ"]
[Result "1/2-1/2"]
[WhiteElo "2082"]
[BlackElo "2360"]

1.e4 e6 2.d4 d5 3.Nc3 Bb4 4.e5 Ne7 5.Bd2 c5 6.dxc5 Nd7 7.Qg4 Bxc5 8.Na4 Nf5
9.Nf3 O-O 10.Bd3 f6 11.O-O fxe5 12.Nxc5 Nxc5 13.Nxe5 Nxd3 14.cxd3 Bd7 15.Bb4 Nh6
16.Qg3 Rf5 17.Rac1 Be8 18.Nf3 Rf6 19.Rc7 Rg6 20.Qd6 Qxd6 21.Bxd6 Nf5 22.Bb4 Rg4
23.Bc3 d4 24.Ne5 Rg5 25.f4 dxc3 26.fxg5 c2 27.Re1 Nd4 28.Nf3 Nxf3+ 29.gxf3 Bc6
30.Rc1 Rd8 31.Rxc2 Rxd3 32.Re2 Bd5 33.Rc3 Rd1+ 34.Kf2 Kf7 35.b3 Kg6 36.Rc7 Rd3
37.Re3 Rd2+ 38.Kg3 Rxa2 39.h4 Ra3 40.f4 h5 41.Rd7 a5 42.Kf2 Ra2+  1/2-1/2

[Event "Solett Open"]
[Site "Skelleftea SWE"]
[Date "2001.04.11"]
[Round "2"]
[White "Ernst,T"]
[Black "Rustemov,A"]
[Result "1/2-1/2"]
[WhiteElo "2441"]
[BlackElo "2625"]

1.e4 e6 2.d4 d5 3.Nc3 Bb4 4.e5 Ne7 5.a3 Bxc3+ 6.bxc3 c5 7.Qg4 O-O 8.Bd3 Qa5
9.Bd2 Nbc6 10.Nf3 f5 11.exf6 Rxf6 12.Qh5 Nf5 13.c4 Qd8 14.Bg5 Qa5+ 15.Bd2 Qd8
16.Bg5 Qa5+  1/2-1/2

[Event "Open"]
[Site "Metz FRA"]
[Date "2001.04.12"]
[Round "6"]
[White "Senff,M"]
[Black "Drasko,M"]
[Result "1/2-1/2"]
[WhiteElo "2443"]
[BlackElo "2521"]

1.e4 e6 2.d4 d5 3.Nc3 Bb4 4.e5 Ne7 5.a3 Bxc3+ 6.bxc3 c5 7.Qg4 O-O 8.Bd3 Nbc6
9.Qh5 Ng6 10.Nf3 Qc7 11.Be3 Nce7 12.h4 Bd7 13.Qg5 f6 14.exf6 Rxf6 15.h5 h6
16.Qg3 Nf4 17.Bxf4 Qxf4 18.Qxf4 Rxf4 19.Ne5 Be8 20.g3 Rf8 21.dxc5 Nc6 22.Nxc6 Bxc6
23.Rb1 Rf3 24.Rb3 Raf8 25.Rh2 a5 26.a4 e5 27.Be2 R3f6 28.Bb5 R8f7 29.Bxc6 bxc6
30.Rb8+ Kh7 31.c4 dxc4 32.Re8 Rf3 33.Rxe5 Rc3 34.Kd2 Ra3 35.Re6 c3+ 36.Kd3 Rf5
37.Rh4 Rxc5 38.Rg4 Rd5+ 39.Ke3 Ra2 40.Rxc6 Rxc2 41.Rc7 Rg5 42.Rxg5 hxg5 43.Rc5 Ra2
44.Rxa5 g4 45.Ra6 Kh8 46.a5 Kh7 47.Ra8 Kh6 48.a6 Kxh5 49.a7 Kg5 50.Rc8  1/2-1/2

[Event "ch-PHI"]
[Site "Quezon City PHI"]
[Date "2001.04.12"]
[Round "11"]
[White "Antonio,R"]
[Black "Garma,C"]
[Result "1-0"]
[WhiteElo "2548"]
[BlackElo "2400"]

1.e4 e6 2.d4 d5 3.Nc3 Bb4 4.e5 Ne7 5.a3 Bxc3+ 6.bxc3 b6 7.Qg4 O-O 8.Bg5 Nd7
9.Bd3 Re8 10.h4 c5 11.h5 Qc7 12.Bh6 g6 13.hxg6 Nxg6 14.Nf3 cxd4 15.cxd4 f5
16.Qg3 Nf8 17.Ke2 a5 18.Bxf8 Kxf8 19.Ng5 Re7 20.Nxh7+ Rxh7 21.Qxg6 Ra7 22.Qf6+ Qf7
23.Qd8+ Qe8 24.Qxb6  1-0

[Event "Open"]
[Site "Metz FRA"]
[Date "2001.04.14"]
[Round "8"]
[White "Senff,M"]
[Black "Dgebuadze,A"]
[Result "1/2-1/2"]
[WhiteElo "2443"]
[BlackElo "2555"]

1.e4 e6 2.d4 d5 3.Nc3 Bb4 4.e5 Ne7 5.a3 Bxc3+ 6.bxc3 c5 7.Qg4 O-O 8.Bd3 Nbc6
9.Qh5 Ng6 10.Nf3 Qc7 11.Be3 c4 12.Bxg6 fxg6 13.Qg4 Qf7 14.h4 h6 15.h5 g5
16.Kd2 Qf5 17.Nh2 Ne7 18.Qxf5 Nxf5 19.Rhf1 Bd7 20.g4 Nxe3 21.Kxe3 Rf4 22.f3 Raf8
23.Rf2 g6 24.hxg6 Be8 25.Nf1 Bxg6 26.Ng3 R4f7 27.Rh1 Kg7 28.Nh5+ Bxh5 29.Rxh5 Rf4
30.Rh1 Kg6 31.Rh3 b5 32.Rfh2 Rh8 33.Rh1 Rf7 34.Ke2 Rb7 35.Rh5 Rf7 36.R5h3 Rb7
37.Rh5 Rf7  1/2-1/2

[Event "Osteropen"]
[Site "Essen-Borbeck GER"]
[Date "2001.04.15"]
[Round "8"]
[White "Schlange,S"]
[Black "Bashilin,R"]
[Result "1-0"]
[WhiteElo "2236"]
[BlackElo "2354"]

1.e4 e6 2.d4 d5 3.Nc3 Bb4 4.e5 b6 5.Qg4 Bf8 6.Be3 Ne7 7.O-O-O Qd7 8.Nge2 Ba6
9.Qh3 Nbc6 10.g4 Na5 11.Kb1 Nc4 12.Bc1 c5 13.f4 g6 14.dxc5 bxc5 15.Ne4 Ng8
16.b3 Qb7 17.Ng5 Ne7 18.Nc3 Bg7 19.f5 gxf5 20.gxf5 Nxf5 21.Nxd5 O-O-O 22.Bxc4 Bxc4
23.Nf6 Bxf6 24.exf6 Bd5 25.Rhf1 Bg2 26.Qc3 Bxf1 27.Qxc5+ Qc7 28.Qxc7+ Kxc7
29.Rxf1 Rd7 30.Rf4 h6 31.Rc4+ Kb7 32.Nf3 Rc8 33.Rb4+ Ka8 34.Ne5 Rdc7 35.c4 Rd8
36.Bf4 Rd4 37.Nc6 Rb7 38.Rxb7 Kxb7 39.Nxd4 Nxd4 40.Bxh6 Kc6 41.Be3 Nf3 42.Bxa7 Nxh2
43.Bf2 Ng4 44.Bh4 Kc5 45.Kb2 Ne5 46.Kc3 Nf3 47.b4+ Kd6 48.Bf2 Ng5 49.Bc5+ Kc6
50.Be7 e5 51.b5+ Kb6 52.Kb4 e4 53.Bc5+ Kb7 54.a4 Ne6 55.Be3 Nc7 56.a5 Ne8
57.a6+ Ka8 58.b6 Nxf6 59.b7+  1-0

[Event "Open"]
[Site "Dubai UAE"]
[Date "2001.04.18"]
[Round "4"]
[White "Fedorov,Alex"]
[Black "Dizdar,G"]
[Result "1/2-1/2"]
[WhiteElo "2590"]
[BlackElo "2533"]

1.e4 e6 2.d4 d5 3.Nc3 Bb4 4.e5 b6 5.a3 Bxc3+ 6.bxc3 Qd7 7.Qg4 f5 8.Qg3 Ba6
9.Bxa6 Nxa6 10.a4 Nb8 11.a5 Nc6 12.axb6 cxb6 13.Ne2 Kf7 14.h4 Nge7 15.h5 h6
16.Nf4 Rhe8 17.Qh3 Kg8 18.Rg1 Rf8 19.Ba3 Rf7 20.Qd3 Rc8 21.Ke2 Na5 22.Ng6 Nac6
23.f4 Qe8 24.Nh4 Na5 25.Bb4 Nc4 26.g4 fxg4 27.Rxg4 a5 28.Bxe7 Rxe7 29.f5 exf5
30.Nxf5 Rxe5+ 31.dxe5 Qxe5+ 32.Kf3 Rf8 33.Rf4 Kh8 34.Rb1 a4 35.Rb5 Qe8 36.Rxd5 Ne5+
37.Rxe5 Qxe5 38.Kg4 a3 39.Qd4 Qe2+ 40.Kg3 Qe1+ 41.Kg2 Qe2+ 42.Rf2 Qxf2+ 43.Qxf2 a2
44.Qe1 Rxf5 45.Qa1 Ra5 46.Kf3 g6 47.c4+ Kh7 48.hxg6+ Kxg6 49.Kf4  1/2-1/2

[Event "4th Open"]
[Site "Tanta City EGY"]
[Date "2001.04.21"]
[Round "4"]
[White "Antoniewski,R"]
[Black "Georg,Ma"]
[Result "1/2-1/2"]
[WhiteElo "2456"]
[BlackElo "2277"]

1.e4 e6 2.d4 d5 3.Nc3 Bb4 4.e5 Qd7 5.a3 Bxc3+ 6.bxc3 b6 7.Qg4 f5 8.Qg3 Ba6
9.Bxa6 Nxa6 10.Ne2 Nb8 11.Nf4 Kf7 12.h4 Nc6 13.h5 Nge7 14.h6 g6 15.Qh4 Ng8
16.Nxg6 hxg6 17.h7 Rf8 18.hxg8=Q+ Rhxg8 19.Bh6 Rh8 20.O-O-O  1/2-1/2

[Event "ch-URU"]
[Site "Montevideo URU"]
[Date "2001.04.25"]
[Round "5"]
[White "Roselli Mailhe,B"]
[Black "Curi,G"]
[Result "1-0"]
[WhiteElo "2413"]
[BlackElo "2312"]

1.e4 e6 2.d4 d5 3.Nc3 Bb4 4.e5 Ne7 5.a3 Bxc3+ 6.bxc3 c5 7.Nf3 Qc7 8.a4 b6
9.Bb5+ Bd7 10.O-O Bxb5 11.axb5 a5 12.Ng5 h6 13.Qh5 g6 14.Qh3 Nd7 15.Ba3 Kf8
16.c4 Re8 17.cxd5 Nxd5 18.Ne4 Kg7 19.c4 Nb4 20.dxc5 Nxc5 21.Nd6 Re7 22.Qf3 Kh7
23.Rad1 Rd7 24.Bc1 Nb7 25.Qf4 Kg7 26.Qf6+ Kg8 27.Ne8  1-0

[Event "GMB"]
[Site "Dos Hermanas ESP"]
[Date "2001.04.26"]
[Round "8"]
[White "Teran Alvarez,I"]
[Black "Oms Pallise,J"]
[Result "1-0"]
[WhiteElo "2382"]
[BlackElo "2427"]

1.e4 e6 2.d4 d5 3.Nc3 Bb4 4.e5 b6 5.a3 Bf8 6.f4 Ne7 7.Nf3 Qd7 8.Be3 a5 9.Bf2 h5
10.Bd3 Ba6 11.O-O Bxd3 12.Qxd3 Nf5 13.Ne2 Nc6 14.Rac1 b5 15.g3 a4 16.h3 Na5
17.Kg2 Nh6 18.Rh1 f5 19.exf6 gxf6 20.Nh4 f5 21.Ng6 Rg8 22.Ne5 Qc8 23.Qxb5+ c6
24.Qd3 Nf7 25.Qf3 Nxe5 26.fxe5 h4 27.Qh5+ Kd8 28.Qf7  1-0

[Event "Bank Pocztowy Open A"]
[Site "Bydgoszcz POL"]
[Date "2001.04.29"]
[Round "3"]
[White "Ziolkowski,D"]
[Black "Maslowski,M"]
[Result "1-0"]
[WhiteElo "2167"]
[BlackElo "2125"]

1.e4 e6 2.d4 d5 3.Nc3 Bb4 4.e5 b6 5.a3 Bf8 6.b4 Qd7 7.Be3 c6 8.Rb1 Ne7 9.g4 Ba6
10.b5 cxb5 11.Nxb5 Bxb5 12.Bxb5 Nbc6 13.c3 a6 14.Bd3 Nc8 15.a4 Na5 16.Qe2 Qb7
17.Nf3 Nc4 18.O-O Be7 19.Bxc4 dxc4 20.Nd2 O-O 21.Qxc4 Na7 22.Qb3 Rab8 23.c4 Qc7
24.Rfc1 Qd7 25.Qd3 Nc6 26.Qe4 Rfd8 27.d5 exd5 28.cxd5 Na7 29.d6 Bf8 30.Rc7  1-0

[Event "Golden Cleopatra Open"]
[Site "Cairo EGY"]
[Date "2001.05.02"]
[Round "1"]
[White "Hatem,I"]
[Black "Georg,Ma"]
[Result "1-0"]
[WhiteElo "2393"]
[BlackElo "2277"]

1.d4 e6 2.e4 d5 3.Nc3 Bb4 4.e5 Qd7 5.Qg4 f5 6.Qh5+ g6 7.Qh3 b6 8.Bg5 Ba6
9.Ne2 Nc6 10.O-O-O Be7 11.Be3 O-O-O 12.g4 Bb4 13.gxf5 gxf5 14.Bg2 Na5 15.Kb1 Nc4
16.Bc1 b5 17.a3 Bf8 18.Bg5 Be7 19.Bxe7 Nxe7 20.Nc1 Bb7 21.Nb3 a5 22.Nc5 Qc6
23.Qh6 Ng6 24.h4 Rdg8 25.Bh3 Kb8 26.h5 Nf8 27.Rhg1 Ng6 28.Rg3 Bc8 29.hxg6 hxg6
30.Qg5 Nxe5 31.Qf6 Nc4 32.Bg2 Nd6 33.Rxg6 Qe8 34.Rxg8 Qxg8 35.Bf3 Rh2 36.Nd3 Qh7
37.Qe5 Nc4 38.Qe2 Qh4 39.Nxb5 Bd7 40.a4 c6 41.b3 cxb5 42.bxc4 bxc4 43.Nc5 Kc8
44.Nxd7 Kxd7 45.Re1 Qe7 46.Ka2 Qd6 47.Rb1 Rh3 48.Rb7+ Kd8 49.Rb5 Kd7 50.Qe3 f4
51.Qc3 Ke7 52.Rxa5 Kf6 53.Rc5 Rh2 54.Qe1 Rh3 55.Bg4 Rh4 56.Qe2 Rh2 57.a5 Rh8
58.f3 Rh7 59.Rb5 Ra7 60.Qh2 Kg7 61.Qd2 Kf6 62.Kb2 Ra6 63.Qh2  1-0

[Event "XXXVI Capablanca Mem Premier I"]
[Site "Havana CUB"]
[Date "2001.05.07"]
[Round "3"]
[White "Gongora,M"]
[Black "Pecorelli Garcia,H"]
[Result "1/2-1/2"]
[WhiteElo "2417"]
[BlackElo "2430"]

1.e4 e6 2.d4 d5 3.Nc3 Bb4 4.e5 Ne7 5.a3 Bxc3+ 6.bxc3 c5 7.Nf3 Qa5 8.Bd2 Nbc6
9.a4 Bd7 10.Bb5 O-O 11.O-O Qc7 12.Re1 f6 13.Bf4 Ng6 14.Bg3 f5 15.h4 f4 16.Bh2 cxd4
17.cxd4 Qd8 18.h5 Nh4 19.Be2 Nxf3+ 20.Bxf3 Na5 21.h6 g6 22.Qd2 Nc4 23.Qb4 b6
24.Bxd5 exd5 25.e6 a5 26.Qb3 Rf6 27.exd7 Qxd7 28.Qf3 Nd2 29.Qe2 Ne4 30.f3 Nc3
31.Qd2 Nxa4 32.Bxf4 Nb2 33.Bg5 Nc4 34.Qd3 Rf7 35.Re2 a4 36.c3 a3 37.Qc2 Qd6
38.Bc1 Rxf3 39.gxf3 Qg3+ 40.Rg2  1/2-1/2

[Event "Open"]
[Site "Pula CRO"]
[Date "2001.05.19"]
[Round "2"]
[White "Vadla,Z"]
[Black "Bukal,V"]
[Result "0-1"]
[WhiteElo "2252"]
[BlackElo "2439"]

1.e4 e6 2.d4 d5 3.Nc3 Bb4 4.e5 Ne7 5.a3 Bxc3+ 6.bxc3 c5 7.Nf3 Nbc6 8.Bd3 Qa5
9.Bd2 Bd7 10.O-O c4 11.Be2 f6 12.Re1 Ng6 13.exf6 gxf6 14.Bf1 O-O-O 15.g3 h5
16.h4 Qc7 17.a4 Rdg8 18.Bg2 Rg7 19.Qc1 Nce7 20.Kf1 Nf5 21.Qa3 Rhg8 22.Re2 Ngxh4
23.Nxh4 Nxh4 24.Bf4 e5 25.dxe5 Nxg2 26.Kxg2 Rg4 27.Kf1 Qc6 28.Qd6 Qxd6 29.exd6 Rxf4  0-1

[Event "TCh-YUG"]
[Site "Herceg Novi YUG"]
[Date "2001.05.22"]
[Round "9"]
[White "Kovacevic,A"]
[Black "Drasko,M"]
[Result "1/2-1/2"]
[WhiteElo "2527"]
[BlackElo "2521"]

1.e4 e6 2.d4 d5 3.Nc3 Bb4 4.e5 Ne7 5.a3 Bxc3+ 6.bxc3 c5 7.Qg4 O-O 8.Bd3 Nbc6
9.Nf3 f5 10.Qh3 Qb6 11.Be3 c4 12.Be2 Bd7 13.O-O Qa5 14.Bd2 b5 15.Rfd1 Rab8  1/2-1/2

[Event "Open"]
[Site "Pula CRO"]
[Date "2001.05.23"]
[Round "6"]
[White "Dabo Peranic,R"]
[Black "Tratar,M"]
[Result "0-1"]
[WhiteElo "2305"]
[BlackElo "2410"]

1.e4 e6 2.d4 d5 3.Nc3 Bb4 4.e5 b6 5.Qg4 Bf8 6.Bg5 Qd7 7.O-O-O a5 8.g3 Ba6
9.Bh3 b5 10.f4 b4 11.Nce2 h6 12.Bh4 g6 13.Qf3 a4 14.b3 h5 15.Kb1 Nc6 16.f5 gxf5
17.Nf4 Na7 18.Re1 Nb5 19.Nge2 Qc6 20.Kb2 Nc3 21.Nc1 Ne4 22.c4 bxc3+ 23.Kc2 axb3+
24.axb3 Bc4 25.Bf1 Bxb3+ 26.Kd3 c2 27.Ke2 Bc4+ 28.Nfd3 Qb6 29.Bh3 Qxd4 30.Bxf5 exf5
31.Qxf5 Nc5 32.e6 Qe4+ 33.Qxe4 dxe4  0-1

[Event "It"]
[Site "Bibinje CRO"]
[Date "2001.06.01"]
[Round "1"]
[White "Ljubicic,F"]
[Black "Levacic,P"]
[Result "1-0"]
[WhiteElo "2397"]
[BlackElo "2382"]

1.e4 e6 2.d4 d5 3.Nc3 Bb4 4.e5 Ne7 5.a3 Bxc3+ 6.bxc3 b6 7.Qg4 Ng6 8.Bd3 Qh4
9.Qe2 Nf4 10.Bxf4 Qxf4 11.Nh3 Qh4 12.O-O c5 13.f4 Bd7 14.c4 Nc6 15.dxc5 bxc5
16.Ng5 Nd4 17.Qe3 dxc4 18.Be4 Rd8 19.c3 h6 20.Nxf7 Nf5 21.Bxf5 Kxf7 22.Be4 Qe7
23.Qg3 h5 24.Rad1 Bc8 25.Bg6+ Kg8 26.Qg5 Qxg5 27.fxg5 Rd3 28.Bxd3 cxd3 29.Rxd3 Kh7
30.Rd6 h4 31.Rf7 Kg6 32.Rc7 Kf5 33.Rdc6  1-0

[Event "2nd IECC"]
[Site "Ohrid MKD"]
[Date "2001.06.01"]
[Round "1"]
[White "Minasian,Art"]
[Black "Kristjansson,S"]
[Result "1-0"]
[WhiteElo "2554"]
[BlackElo "2371"]

1.e4 e6 2.d4 d5 3.Nc3 Bb4 4.e5 Ne7 5.a3 Bxc3+ 6.bxc3 c5 7.Qg4 Kf8 8.Bd2 Nbc6
9.Nf3 Qa5 10.a4 Bd7 11.Be2 h6 12.O-O Qc7 13.h4 Na5 14.h5 Nc4 15.Bxc4 dxc4
16.dxc5 Qxc5 17.Bc1 Re8 18.Ba3 Qc8 19.Nd2 Bc6 20.Nxc4 Qc7 21.Nd6 Rd8 22.Qf4 Nd5
23.Qh4 Kg8 24.c4 Nc3 25.a5 Rd7 26.Bb4 Ne2+ 27.Kh2 Qd8 28.Qxd8+ Rxd8 29.Rfd1 Nf4
30.a6 b6 31.g3 Nxh5 32.Nb5 Ra8 33.Rd6 Bxb5 34.cxb5 Kh7 35.c4 Rhc8 36.Rc1 f6
37.c5 fxe5 38.c6 Nf6 39.Rxe6 Kg6 40.Re1 Rd8 41.R1xe5 Rd4 42.Be7 Kf7 43.Bxf6 gxf6
44.Re7+  1-0

[Event "2nd IECC"]
[Site "Ohrid MKD"]
[Date "2001.06.05"]
[Round "5"]
[White "Smirnov,P"]
[Black "Kristjansson,S"]
[Result "0-1"]
[WhiteElo "2511"]
[BlackElo "2371"]

1.e4 e6 2.d4 d5 3.Nc3 Bb4 4.e5 Ne7 5.a3 Bxc3+ 6.bxc3 c5 7.Qg4 Kf8 8.h4 Qa5
9.Bd2 Qa4 10.Rc1 Nbc6 11.h5 h6 12.Nf3 b6 13.Rh3 Ba6 14.Bxa6 Qxa6 15.Nh4 cxd4
16.cxd4 Qc4 17.Rg3 Rg8 18.c3 Rc8 19.f4 f5 20.exf6 gxf6 21.Ng6+ Kf7 22.Qh3 Nf5
23.Rd3 Nce7 24.g4 Nd6 25.Re3 Ne4 26.f5 exf5 27.gxf5 Rce8 28.Qg4 Qc8 29.Rf3 Ng5
30.Nxe7 Rxe7+ 31.Kd1 Nxf3 32.Qxf3 Qc4 33.Kc2 Re2 34.Rd1 Rgg2 35.Qf4 Rxd2+
36.Rxd2 Qa2+ 37.Kd3 Qb1+ 38.Ke3 Qe1+  0-1

[Event "IHEM"]
[Site "Hamburg GER"]
[Date "2001.06.07"]
[Round "6"]
[White "Lanka,Z"]
[Black "Farago,I"]
[Result "0-1"]
[WhiteElo "2483"]
[BlackElo "2485"]

1.e4 e6 2.d4 d5 3.Nc3 Bb4 4.e5 Ne7 5.a3 Bxc3+ 6.bxc3 c5 7.Nf3 Bd7 8.Rb1 Qc7
9.Bf4 c4 10.h4 Nbc6 11.h5 h6 12.Be2 O-O-O 13.Qd2 Qa5 14.O-O Kb8 15.Nh2 Ka8
16.Bg4 Rdg8 17.Rbe1 Nc8 18.Bg3 Qxa3 19.Bh4 Qf8 20.f4 N8e7 21.Bh3 Rh7 22.Rf3 f5
23.exf6 gxf6 24.Bxe6 Bxe6 25.Rxe6 Qf7 26.Qe2 Nd8 27.Rxf6 Qxh5 28.Be1 Rhg7
29.Re3 Nf5 30.Rxf5 Rxg2+ 31.Qxg2 Rxg2+ 32.Kxg2 Qxf5 33.Bg3 a5 34.Re8 Qd7
35.Rh8 Ka7 36.Nf3 Nf7 37.Ne5 Qf5 38.Nxf7 Qxf7 39.Rxh6 Qf5  0-1

[Event "White Nights"]
[Site "St Petersburg RUS"]
[Date "2001.06.09"]
[Round "1"]
[White "Bedny,Y"]
[Black "Potkin,V"]
[Result "0-1"]
[WhiteElo "2292"]
[BlackElo "2512"]

1.e4 e6 2.d4 d5 3.Nc3 Bb4 4.e5 Ne7 5.a3 Bxc3+ 6.bxc3 b6 7.Qg4 Ng6 8.h4 h5
9.Qg3 Ba6 10.Bxa6 Nxa6 11.Ne2 c5 12.Nf4 Nxf4 13.Bxf4 Kf8 14.Rd1 cxd4 15.cxd4 Rc8
16.Rd2 Rc4 17.Rh3 Nc7 18.Qb3 Qd7 19.Bg5 Qa4 20.Rhd3 Nb5 21.Rd1 Kg8 22.Be7 a5
23.Bd8 Qxb3 24.cxb3 Rc6 25.Be7 Kh7 26.a4 Na7 27.Kd2 Rhc8 28.Ke3 Kg6 29.Kf4 Rc2
30.Rg3+ Kh7 31.Rf3 R8c3 32.Rxc3 Rxc3 33.Kg5 Nc6 34.Bd6 Rxb3 35.Kxh5 Rb2 36.Bc7 Rxf2
37.g4 Rb2 38.Bd6 Rc2 39.Bc7 Nxd4 40.Rxd4 Rxc7 41.Kg5 Rc3 42.Kf4 Rb3 43.h5 Rb4
44.Ke3 Rxd4 45.Kxd4 Kh6  0-1

[Event "2nd IECC"]
[Site "Ohrid MKD"]
[Date "2001.06.10"]
[Round "9"]
[White "Cao,S"]
[Black "Kristjansson,S"]
[Result "1-0"]
[WhiteElo "2488"]
[BlackElo "2371"]

1.e4 e6 2.d4 d5 3.Nc3 Bb4 4.e5 Ne7 5.a3 Bxc3+ 6.bxc3 c5 7.Qg4 Kf8 8.Bd2 Qc7
9.Bd3 c4 10.Be2 Qb6 11.Nf3 Qb2 12.Rc1 h6 13.h4 Qxa3 14.h5 Qb2 15.Qf4 a5 16.Nh4 Ke8
17.O-O a4 18.Ra1 a3 19.Rfb1 Qxc2 20.Bd1 Qd3 21.Nf3 Rg8 22.Ne1 Qf5 23.Qh2 g6
24.hxg6 Qxg6 25.Qxh6 Qxh6 26.Bxh6 Nd7 27.Bc1 a2 28.Rb2 Nc6 29.Rbxa2 Rxa2
30.Rxa2 f6 31.f4 b5 32.Nc2 Kd8 33.Ba3 Kc7 34.Bd6+ Kb6 35.Nb4 Nxb4 36.Bxb4 f5
37.Bh5 Nb8 38.Bf7 Rh8 39.Bc5+ Kc6 40.Ra8 Na6 41.Bd6 Kb7 42.Rxc8 Rxc8 43.Bxe6 Rd8
44.Be7 Re8 45.Bxd5+ Kb6 46.Bd6 b4 47.Bxc4 bxc3 48.Bd3 Rc8 49.Bc2 Rc4 50.d5 Rd4
51.e6 Nc7 52.e7 Ne8 53.Be5 Rd2 54.d6 Rxd6 55.Bxd6 Nxd6 56.Bxf5 Kc7 57.Kf2 Ne8
58.Ke3 Kd6 59.Bg6  1-0

[Event "FSIM June"]
[Site "Budapest HUN"]
[Date "2001.06.13"]
[Round "12"]
[White "Resika,N"]
[Black "Jamrich,G"]
[Result "1/2-1/2"]
[WhiteElo "2246"]
[BlackElo "2271"]

1.e4 e6 2.d4 d5 3.Nc3 Bb4 4.e5 b6 5.a3 Bf8 6.Bb5+ c6 7.Ba4 Bd7 8.Bb3 Ne7
9.Nce2 c5 10.c3 Bb5 11.Nf3 Nbc6 12.O-O Nf5 13.Re1 Bxe2 14.Rxe2 c4 15.Bc2 g6
16.Bxf5 gxf5 17.Bg5 Be7 18.Qa4 Qd7 19.Bxe7 Nxe7 20.Qxd7+ Kxd7 21.Ng5 Raf8
22.h4 h6 23.Nh3 Nc6 24.Nf4 h5 25.g3 Na5 26.a4 Nb3 27.Ra3 a6 28.Kg2 Ke7 29.Kf3 Ra8
30.Ke3 Kf8 31.Re1 Kg7 32.Nd3 Kg6 33.Nc1  1/2-1/2

[Event "White Nights"]
[Site "St Petersburg RUS"]
[Date "2001.06.14"]
[Round "6"]
[White "Korbut,E"]
[Black "Shchukin,D"]
[Result "1-0"]
[WhiteElo "2330"]
[BlackElo "2389"]

1.e4 e6 2.d4 d5 3.Nc3 Bb4 4.e5 Ne7 5.a3 Bxc3+ 6.bxc3 b6 7.Qg4 Ng6 8.h4 h5
9.Qd1 Ba6 10.Bxa6 Nxa6 11.Qd3 Nb8 12.Nf3 Nc6 13.Rh3 Qd7 14.Ng5 O-O-O 15.Rf3 Rdf8
16.g3 Kb7 17.Rxf7 Rxf7 18.Qxg6 Rf5 19.Nxe6 Ne7 20.Qxg7 Rg8 21.Qh6 Qc6 22.Bd2 Ka6
23.Ng7 Qxh6 24.Bxh6 Rf7 25.Ne6 Rg6 26.Nd8 Rf3 27.Bg5 Nf5 28.Bd2 Ng7 29.Ke2 Rf8
30.Bg5 Rxg5 31.hxg5 Rxd8 32.f4 Kb5 33.g4 hxg4 34.Rg1 Rf8 35.Rxg4 Kc6 36.Rh4 Nf5
37.Rh7 Ng3+ 38.Ke3 Nf5+ 39.Kf3 b5 40.g6 a5 41.Kf2 Rg8 42.Rf7 Nh6 43.Rf6+ Kd7
44.Kg3 Ke7 45.Kh4 Rf8 46.Kg5 Ng8 47.Rxf8 Kxf8 48.f5 Ne7 49.f6 Nc8 50.e6 Nd6
51.g7+  1-0